000 00321pab a2200121 454500
008 180718b xxu||||| |||| 00| 0 eng d
100 _aKunju, N.
245 _aArmy still in search of "Yesmen" officer cadets
650 _a National Defence Academy
650 _aDefence National
773 _aEconomic Times
909 _a22569
999 _c22569
_d22569